000 00295nam a22001337a 4500
008 260311b ||||| |||| 00| 0 eng d
020 _a9789951802154
041 _aeng
080 _a008.1
100 _a20
101 _amek
245 _aMetal Clouds Float Quietly
_cGrotesk
942 _2udc
_cBK
999 _c60881
_d60881